Score 0/16 Timer 02:00
1 Play Today
Question Answer Wrong Answers
Saturday Night _____
NBC TV Show
Live
96.6%
Free
0.8%
Die
0.3%
Hard
0.4%
I Want to Break _____
Queen Song
Free
96.1%
Live
0.6%
Die
0.2%
Hard
1.1%
Get Rich or _____ Tryin'
50 Cent Album
Die
96%
Live
1%
Free
0.3%
Hard
0.5%
It's the _____ Knock Life
Song from Annie
Hard
95.3%
Live
0.7%
Free
1.5%
Die
0.4%
_____ and Let Die
Wings Song
Live
95.3%
Free
1.1%
Die
1.4%
Hard
0.3%
_____ Bird
Lynyrd Skynyrd Song
Free
95.2%
Live
1.5%
Die
0.7%
Hard
0.5%
_____ Willy
Simon Wincer Film
Free
94.1%
Live
1.2%
Die
1%
Hard
1.6%
_____ Times
Charles Dickens Novel
Hard
93.7%
Live
0.9%
Free
3%
Die
0.3%
A _____ Day's Night
The Beatles Song
Hard
92.7%
Live
1.2%
Free
3.8%
Die
0.3%
_____ Knocks
HBO TV Series
Hard
92.7%
Live
1.8%
Free
2.7%
Die
0.7%
John Tucker Must _____
Betty Thomas Film
Die
90.7%
Live
6.5%
Free
0.5%
Hard
0.2%
NBA _____ 95
Super NES Game
Live
86.7%
Free
6.8%
Die
0.9%
Hard
3.5%
Batman & Robin Must _____!
DC Comic
Die
84.1%
Live
13.3%
Free
0.4%
Hard
0.1%
_____ Another Day
James Bond Film
Die
76.1%
Live
21.1%
Free
0.6%
Hard
0.3%
To _____
Yu Huan Novel
Live
72.4%
Free
1.5%
Die
20.7%
Hard
3.1%
_____!
2013 Anime Series by Kyoto Animation
Free
38.9%
Live
33.6%
Die
23.2%
Hard
2%
Remove Ads.
Support Sporcle.
Get the best of Sporcle when you Go Orange. This ad-free experience offers more features, more stats, and more fun while also helping to support Sporcle. Thank you for becoming a member.

You're not logged in!

Compare scores with friends on all Sporcle quizzes.
OR
Log In

Show Comments

Extras

Top Quizzes Today


Score Distribution

Your Account Isn't Verified!

In order to create a playlist on Sporcle, you need to verify the email address you used during registration. Go to your Sporcle Settings to finish the process.

Report this User

Report this user for behavior that violates our Community Guidelines.

Details: